[Event "Karl Wagner Memorial-B 5th"]
[Site "Graz"]
[Date "1998.??.??"]
[Round "1"]
[White "Kvas, Michael"]
[Black "Radl, Guenther"]
[Result "0-1"]
[WhiteElo "1825"]
[BlackElo "1995"]
[PlyCount "126"]
[EventDate "1998.09.??"]
[EventType "swiss"]
[EventRounds "6"]
[EventCountry "AUT"]
[SourceTitle "EXT 2003"]
[Source "ChessBase"]
[SourceDate "2002.11.25"]
[SourceVersion "1"]
[SourceVersionDate "2002.11.25"]
[SourceQuality "1"]

1. e4 c5 2. c4 Nc6 3. Nc3 g6 4. g3 Bg7 5. Nge2 d6 6. Bg2 e5 7. d3 Nge7 8. 0-0 0-0 9. b3 f5 10. Nd5 Nxd5 11. cxd5 Ne7 12. f4 exf4 13. Bxf4 h6 14. Rc1 g5 15. Bd2 fxe4 16. dxe4 Ng6 17. Bc3 Ne5 18. Bxe5 Bxe5 19. Nc3 Qa5 20. Qd2 Bd7 21. Nb1 Bd4+ 22. Kh1 Qb6 23. Na3 Qa6 24. Nc4 b5 25. Qa5 Qxa5 26. Nxa5 Rac8 27. Bf3 Bh3 28. Bg2 Bd7 29. Bf3 Rce8 30. Bg2 Be5 31. Nb7 Rc8 32. Na5 Kg7 33. Bf3 Rfe8 34. Bh5 Rf8 35. Be2 Bh3 36. Bxb5 Bxf1 37. Bxf1 Rf2 38. a4 Rcf8 39. Bc4 R8f7 40. Nc6 Bf6 41. Re1 Bc3 42. Re3 Bd2 43. Re2 Rxe2 44. Bxe2 Rc7 45. Kg2 Bc3 46. h4 gxh4 47. gxh4 Kf6 48. Kg3 Be1+ 49. Kg4 Rg7+ 50. Kh3 Rg3+ 51. Kh2 a5 52. e5+ dxe5 53. Bc4 Rg8 54. Kh3 e4 55. Nd8 Ke5 56. Ne6 Rg3+ 57. Kh2 Kd6 58. Nd8 Rg7 59. Ne6 Rg8 60. Kh3 Bd2 61. Kh2 Bc3 62. Nf4 Be5 63. Kh3 Bxf4 0-1

[Event "Karl Wagner Memorial-B 5th"]
[Site "Graz"]
[Date "1998.??.??"]
[Round "5"]
[White "Radl, Guenther"]
[Black "Wagner, Stefan"]
[Result "1/2-1/2"]
[WhiteElo "1995"]
[BlackElo "1755"]
[PlyCount "99"]
[EventDate "1998.09.??"]
[EventType "swiss"]
[EventRounds "6"]
[EventCountry "AUT"]
[SourceTitle "EXT 2003"]
[Source "ChessBase"]
[SourceDate "2002.11.25"]
[SourceVersion "1"]
[SourceVersionDate "2002.11.25"]
[SourceQuality "1"]

1. d4 d5 2. c4 e6 3. Nc3 Nf6 4. cxd5 exd5 5. Bg5 Be7 6. e3 Bf5 7. Qb3 Nbd7 8. a3 Nb6 9. Nf3 0-0 10. Be2 c6 11. Ne5 Ne4 12. Bxe7 Qxe7 13. 0-0 Nd2 14. Qd1 Nxf1 15. Bxf1 f6 16. Nd3 Nc4 17. b3 Nd6 18. Nf4 Ne4 19. Na4 b5 20. Nb2 Rfe8 21. Nbd3 Rac8 22. b4 Bd7 23. Rc1 Ra8 24. g4 a5 25. Ng2 axb4 26. axb4 Ra2 27. f3 Nd2 28. Nc5 Nc4 29. e4 Rea8 30. Qe1 Nd2 31. Qg3 R2a3 32. Bd3 Nb3 33. Nxb3 Rxb3 34. Bc2 Rc3 35. Ne1 dxe4 36. Qh4 g5 37. Qf2 Raa3 38. fxe4 Bxg4 39. Qg2 Bh3 40. Qf2 Be6 41. Rd1 Qf7 42. Nd3 Bc4 43. Nc5 Rf3 44. Qg2 h6 45. Qg4 Kg7 46. d5 Be2 47. Qc8 Bxd1 48. Ne6+ Kg6 49. Nf8+ Kg7 50. Ne6+ 1/2-1/2